Responses for Show #8837 - Tuesday, March 28, 2023

Contestants

[<< previous game]

Lisa Sriken, a lawyer from New York, New York

Mara Lasko, a fundraiser from Washington, D.C.

Nicole Rudolph, an associate dean from Williston Park, New York (whose 1-day cash winnings total $16,800)

[next game >>]

Jeopardy! Round responses

GEOMETRICAL GEOGRAPHY
FANCIFIED BEASTLY IDIOMS
"M"USIC CLASS
'80s MOVIE COMEDIES
3 MEN
A BABY
    $200 18
the Bermuda Triangle

Mara
    $200 7
you can't teach an old dog new tricks

Nicole
    $200 17
a metronome

Lisa
    $200 6
Ferris Bueller

Nicole
    $200 15
(Mara: Who is, um--oh, uh, Augustus?)

Julius Caesar

MaraLisa
    $200 1
diaper rash

Nicole
    $400 23
the Red Square

Mara
    $400 8
let the cat out of the bag

Lisa
    $400 19
mariachi

Mara
    $400 10
Bernie

Mara
    $400 27
(Lisa: Who is Abraham?)

Noah

NicoleLisa
    $400 2
angel kisses

Mara
    $600 24
the Mason-Dixon line

Nicole
    $600 9
till the cows come home

Lisa
    $600 20
measure

Mara
    $600 11
Airplane!

Lisa
    $600 28
(Mara: Who are Shepard & Collins?)

Collins & Aldrin

MaraLisa
    $600 3
burping

Lisa
    $800 25
the Ellipse

Mara
    $800 13
like a bat out of hell

Nicole
    $800 21
a mandolin

Nicole
    $800 12
Caddyshack

Nicole
    $800 29
Beaux Arts

Nicole
    $1,000 4
(Lisa: What is speech?)

respiration

Lisa
    $1000 26
Point Barrow

Triple Stumper
    $1000 14
a horse of a different color

Mara
    $1000 22
a mazurka

Lisa
    $1000 16
Christmas Vacation

Nicole
    $1000 30
(Lisa: Who is Greenspan?)

Ben Bernanke

Lisa
Triple Stumper
    $1000 5
jaundice

Lisa

Scores at the first commercial break (after clue 15):

Nicole Mara Lisa
$2,200 $1,600 $2,400

Scores at the end of the Jeopardy! Round:

Nicole Mara Lisa
$5,800 $3,400 $2,800

Double Jeopardy! Round responses

WHEN IN ROME
WRITERS OF THE CLOTH
TOUGH TOUGH-GUY TV
WORDS FROM GREEK & LATIN
WORLD HISTORY
BEFORE & AFTER FEMALE DUOS
    $400 1
the Colosseum

Nicole
    $400 5
Sins

Nicole
    $400 6
suture

Nicole
    $400 10
the Catholics & the Protestants

Mara
    $400 2
Agatha Christie Brinkley

Nicole
    $800 19
Vesuvius

Mara
    $800 17
Emerson

Nicole
    $800 29
[The end-of-round signal sounds.]

Have gun

Lisa
    $800 7
kinetic

Triple Stumper
    $800 11
Wenceslas

Lisa
    $800 3
Typhoid Mary Todd Lincoln

Nicole
    $1200 20
(Lisa: What are steps?)
(Ken: More specifically?)

(the) Spanish Steps

Lisa
    $1200 18
St. Paul's

Lisa
    $1200 28
Bosch

Triple Stumper
    $3,000 8
(Nicole: Uh...)
(Ken: Nicole?)
(Nicole: Um...)

encyclical

Nicole
    $1200 12
(Lisa: What's the Alamo?)

Veracruz

Lisa
Triple Stumper
    $1200 4
Alison Brie Larson

Triple Stumper
    $1,800 21
catacombs

Lisa
    $1600 24
the Hasidic Jews

Mara
    $1600 27
(Lisa: What is Reno 911!?)
...
(Ken: I do like that show, but this is [*], a very different vibe.)

9-1-1: Lone Star

Lisa
Triple Stumper
    $1600 9
(Ken: Been too long since English?)
...
(Nicole: Let's get away from that.)

a trochee

Triple Stumper
    $1600 13
Liberia

Nicole
    $1600 14
Anya Taylor-Joy Behar

Lisa
    $2000 22
(Lisa: Who is Michelangelo?)
(Nicole: Who is Rodin?)

Bernini

NicoleLisa
Triple Stumper
    $2000 25
(Mara: Who are the Franciscans?)
...
(Ken: Less than a minute, Mara.)

the Trappists

Mara
Triple Stumper
    $2000 26
Jack Palance

Lisa
    $2000 23
a phoneme

Nicole
    $2000 16
(Lisa: What's the Somme?)

the Battle of Verdun

NicoleLisa
    $2000 15
Peppermint Patty Murray

Triple Stumper

Scores at the end of the Double Jeopardy! Round:

Nicole Mara Lisa
$9,600 $4,200 $5,400

[wagering suggestions for these scores]

Final Jeopardy! Round responses

TRANSPORTATION USA
(Ken: [To Mara] Yes, in Midtown Manhattan, [*]; perhaps not so shiny and new anymore as it was in 1950.)
...
(Ken: [Reading Lisa's response] Please clap--well...)
[Applause]
(Ken: It worked--you've opened a real Pandora's box, I think.)
MaraWhat is port authority?
$4,000
LisaWhat is the Port Authority? Please clap
$4,201
NicoleWhat is the MTA?
$1,201
the Port Authority of New York and New Jersey

Final scores:

Nicole Mara Lisa
$8,399 $8,200 $9,601
2nd place: $2,000 3rd place: $1,000 New champion: $9,601

Game dynamics:

Coryat scores:

Nicole Mara Lisa
$12,600 $4,200 $6,200
19 R,
2 W
(including 1 DD)
11 R,
3 W
16 R
(including 1 DD),
7 W
(including 1 DD)

Combined Coryat: $23,000

[game clues] [game scores] [suggest correction]

Game tape date: 2023-01-11
The J! Archive is created by fans, for fans. Scraping, republication, monetization, and malicious use prohibited; this site may use cookies and collect identifying information. See terms. The Jeopardy! game show and all elements thereof, including but not limited to copyright and trademark thereto, are the property of Jeopardy Productions, Inc. and are protected under law. This website is not affiliated with, sponsored by, or operated by Jeopardy Productions, Inc. Join the discussion at JBoard.tv.